| 000 | 00751nam a2200217 a 4500 | ||
|---|---|---|---|
| 005 | 20241012063717.0 | ||
| 008 | 991125s1985 bar 000 0 spa u | ||
| 020 | _a8475093566 | ||
| 035 | _aUPN01000049867 | ||
| 049 | _aCG | ||
| 050 | 4 |
_aRC514 _bC6.68 |
|
| 100 | 1 |
_aCooper, David, _d1931- |
|
| 245 | 1 | 0 |
_aPsiquiatría y antipsiquiatría / _cDavid Cooper ; tr. Jorge Piatigorsky. |
| 260 |
_aBarcelona, Esp. : _bPaidós, _c1985. |
||
| 300 | _a142 p. | ||
| 440 | 0 |
_aBiblioteca de psiquiatría, psicopatología y psicosomática. _pSerie mayor ; _v45 |
|
| 650 | 2 |
_aEsquizofrenia _xCasos, informes clínicos, estadística _923071 |
|
| 650 | 4 |
_aPsicoterapia _98720 |
|
| 650 | 4 |
_aPSIQUIATRIA - _xCASOS, INFORMES CLINICOS, ESTADISTICA _98372 |
|
| 905 | _aLibro | ||
| 999 |
_c49867 _d49867 |
||